000 00525nam a2200181 4500
999 _c196565
_d196565
005 20230818144038.0
010 _aENG-137420
020 _a9789392080340
_c275.00
035 _aEN-120952
037 _bDBAD/PUB
082 _a339
100 _qChaturvedi, D.D
245 _aMacro Economics-II
_cby D.D. Chaturvedi
260 _aNew Delhi
_bKitab Mahal Publishers
_c2023
270 _a4655/21, Ansari Road (G.F) Daryaganj
_bNew Delhi
_e110002
300 _a232p.
_c21cm(pbk)
942 _2ddc
_cEN
_h339
_mCHA